|
|
|
|
| LEADER |
00000nam0a2200000 4500 |
| 001 |
298263 |
| 005 |
20231102001104.0 |
| 020 |
|
|
|a RU
|b 84-67349
|
| 035 |
|
|
|a (RuTPU)RU\TPU\book\323406
|
| 090 |
|
|
|a 298263
|
| 100 |
|
|
|a 20150617d1984 k y0rusy5003 ca
|
| 101 |
0 |
|
|a rus
|
| 102 |
|
|
|a RU
|
| 105 |
|
|
|a y z 001zy
|
| 200 |
1 |
|
|a Расчет оптимального состава шихты на ЭВМ
|f А. В. Курдюмов, Э. Б. Тен
|
| 210 |
|
|
|a Москва
|c Металлургия
|d 1984
|
| 215 |
|
|
|a 73 с.
|
| 225 |
1 |
|
|a Проблемы цветной металлургии
|
| 320 |
|
|
|a Библиогр.: с. 70-72
|
| 606 |
|
|
|a Доменные шихты
|x Расчет
|2 stltpush
|3 (RuTPU)RU\TPU\subj\9963
|9 37113
|
| 610 |
1 |
|
|a состав
|
| 610 |
1 |
|
|a сплавы
|
| 610 |
1 |
|
|a шихтовые материалы
|
| 610 |
1 |
|
|a оптимизация
|
| 610 |
1 |
|
|a ЭВМ
|
| 675 |
|
|
|a 669.162.26
|v 3
|
| 700 |
|
1 |
|a Курдюмов
|b А. В.
|g Алексей Васильевич
|
| 701 |
|
1 |
|a Тен?
|b Э. Б.
|g Эдис Борисович
|
| 801 |
|
0 |
|a RU
|b RuMRKP
|c 19950704
|g psbo
|
| 801 |
|
1 |
|a RU
|b 63413507
|c 20150617
|
| 801 |
|
2 |
|a RU
|b 63413507
|c 20180511
|g RCR
|
| 942 |
|
|
|c BK
|